White Christmas Lyrics - Statistics

General Stats
  • This quiz has been taken 183 times
  • The average score is 13 of 15
Answer Stats
Answer Answer Answer Answer % Correct
a and Christmas may
99%
Christmas listen every your
99%
dreaming treetops a bright
99%
I in may
99%
of glisten white and
99%
white children with all
99%
I'm the of and
98%
the sleigh I white
86%
to snow days
84%
like hear card be
83%
Just to Christmas Christmases
81%
know I'm be
81%
used the your
81%
ones bells write
76%
where dreaming merry
76%
No matching quizzes found
Score Distribution
Percent of People with Each Score
Percentile by Number Answered
Your Score History
You have not taken this quiz